Property markets (Record no. 79827)

MARC details
000 -LEADER
fixed length control field 01084cab a22001935a 4500
001 - CONTROL NUMBER
control field L142448
008 - FIXED-LENGTH DATA ELEMENTS--GENERAL INFORMATION
fixed length control field 080214e20080204xxkad f s 000 0 eng d
035 ## - SYSTEM CONTROL NUMBER
System control number (Sirsi) u142448
041 0# - LANGUAGE CODE
Language code of text/sound track or separate title eng
100 1# - MAIN ENTRY--PERSONAL NAME
Personal name McIntosh, Angus
245 00 - TITLE STATEMENT
Title Property markets
Remainder of title a quantifiable risk or a major uncertainty
260 ## - PUBLICATION, DISTRIBUTION, ETC.
Date of publication, distribution, etc. 2008
490 #0 - SERIES STATEMENT
Series statement EuroProperty
Volume/sequential designation 4 February 2008, 2-13(4)
520 ## - SUMMARY, ETC.
Summary, etc. Discusses the state of the UK property market. Finds that despite the credit crunch, the office occupational market is still strong. Suggests that there are two economies: the asset backed investment economy and the underlying occupational economy. Looks back at past price corrections on the stock market in the last thirty five years. Considers the outlook for property in light of uncertainties over the introduction of the Uniform Business Rate on empty buildings, the increasing cost of new space and the introduction of Energy Performance Certificates.
590 ## - LOCAL NOTE (RLIN)
Local note KA
651 #4 - SUBJECT ADDED ENTRY--GEOGRAPHIC NAME
Geographic name United Kingdom
Chronological subdivision
690 ## - LOCAL SUBJECT ADDED ENTRY--TOPICAL TERM (OCLC, RLIN)
Topical term or geographic name as entry element PROPERTY-COMMERCIAL PROPERTY-COMMERCIAL PROPERTY MARKET
942 ## - ADDED ENTRY ELEMENTS (KOHA)
Suppress in OPAC 0
Holdings
Withdrawn status Lost status Source of classification or shelving scheme Damaged status Not for loan Home library Current library Shelving location Date acquired Total Checkouts Full call number Barcode Date last seen Copy number Price effective from Koha item type
    Dewey Decimal Classification     London London Journal article 14/02/2008   L142448 142448-1001 06/08/2019 1 06/08/2019 Journal article